Statistics for cheap thrills lyrics

Click here to take the quiz!

General Stats

  • This quiz has been taken 138 times
  • The average score is 83 of 101

Answer Stats

numberAnswer% Correct
11 | 27 | 32 | +7 othersi
98%
16do
93%
45 | 62need
92%
61dont
90%
65to
90%
4 | 34 | 38the
89%
cheap
87%
58 | 59baby
86%
6 | 22on
86%
thrills
86%
68tonight
86%
13 | 29be
84%
42 | 49 | 53 | 56got
84%
46no
84%
63dollar
82%
67fun
82%
66have
82%
14 | 30long
82%
5radio
82%
10 | 26and
81%
7 | 23its
81%
70love
81%
3turn
81%
57you
81%
64bills
80%
8 | 24friday
80%
17 | 20my
79%
9 | 25night
79%
12 | 28wont
79%
48 | 52aint
75%
33 | 37hit
75%
19put
75%
43all
74%
35 | 39dance
74%
36 | 40floor
74%
18hair
74%
21makeup
74%
money
74%
50 | 54cash
72%
15gotta
69%
as
68%
31till
66%
can
62%
feel
62%
beat
58%
1 | 2cmon
33%

Score Distribution

Percentile by Number Answered

Percent of People with Each Score

Your Score History

You have not taken this quiz